Business Ethics (Record no. 4401)

MARC details
005 - DATE AND TIME OF LATEST TRANSACTION
control field 20250619102459.0
020 ## - INTERNATIONAL STANDARD BOOK NUMBER
International Standard Book Number 0-07-299690-0
082 ## - DEWEY DECIMAL CLASSIFICATION NUMBER
Classification number 174.4 GOO
100 ## - MAIN ENTRY--PERSONAL NAME
Author name GOODPASTER, K.
245 ## - TITLE STATEMENT
Title Business Ethics
260 ## - PUBLICATION, DISTRIBUTION, ETC.
Place of publication, distribution, etc. New York,
Name of publisher, distributor, etc. Mc Graw Hill,
Date of publication, distribution, etc. 2006.
300 ## - PHYSICAL DESCRIPTION
Extent xi, 631p.; ill.; figure, table
Dimensions 24cm
700 ## - ADDED ENTRY--PERSONAL NAME
Other authors/Editors NASH, L. & BETTIGNIES, H
942 ## - ADDED ENTRY ELEMENTS (KOHA)
Source of classification or shelving scheme Dewey Decimal Classification
Koha item type Books
Holdings
Date last seen Total checkouts Full call number Barcode Cost, replacement price Price effective from Koha item type Lost status Source of classification or shelving scheme Damaged status Not for loan Withdrawn status Home library Current library Shelving location Date acquired Cost, normal purchase price
06/19/2025   174. 4 GOO DOM0003768 135000.00 06/19/2025 Books   Dewey Decimal Classification       CBE Dodoma CBE Dodoma Special Reserve Collection 12/20/2010 45000.00
06/19/2025   174. 4 GOO DOM0003767 135000.00 06/19/2025 Books   Dewey Decimal Classification       CBE Dodoma CBE Dodoma Special Reserve Collection 12/20/2010 45000.00